| 000 | 00662nam a22001817a 4500 | ||
|---|---|---|---|
| 003 | UA-OsUOA | ||
| 001 | 19690 | ||
| 007 | ta | ||
| 008 | 20040915b un ||||| |||| 00| 0 ukr d | ||
| 100 | _aШиманська Є. | ||
| 942 | _cSA | ||
| 040 |
_aUA-OsUOA _cUA-OsUOA _dUA-OsUOA |
||
| 245 |
_aМикола Козяр: "Допоки співаю - доти живу" _b[Про засл. працівника культури, викладача Дубен. уч-ща культури М.Козяра] |
||
| 300 | _aС.6 | ||
| 955 | _a0 | ||
| 773 | 0 |
_w0 _tВісник Дубенщини _dДубно _d2004 _g№69/70/27 серп./ |
|
| 650 | 7 |
_aКозяр М. _2UDC |
|
| 999 |
_c305861 _d305861 |
||